Music of the 80s - Statistics

General Stats
  • This quiz has been taken 2,164 times
  • The average score is 33 of 60
Answer Stats
Hint Answer % Correct
Billie Jean Michael Jackson
97%
Africa Toto
93%
Wake Me Up Before You Go-Go Wham!
90%
Material Girl Madonna
87%
Uptown Girl Billy Joel
86%
Take on Me a-ha
85%
Summer Of 69 Bryan Adams
83%
You Give Love A Bad Name Bon Jovi
78%
I'm Still Standing Elton John
78%
Don't Stop Believin' Journey
78%
Paradise City Guns N' Roses
73%
Everybody Wants To Rule The World Tears For Fears
72%
Girls Just Wanna Have Fun Cindy Lauper
70%
Karma Chameleon Culture Club
70%
Sweet Dreams Eurythmics
70%
Dancing In The Dark Bruce Springsteen
68%
You Shook Me All Night Long AC/DC
67%
Walk This Way Aerosmith
67%
What's Love Got to Do with it Tina Turner
67%
Fast Car Tracy Chapman
66%
Pour Some Sugar On Me Def Leppard
64%
Raspberry Beret Prince
62%
Running Up That Hill Kate Bush
61%
Footloose Kenny Loggins
60%
Tainted Love Soft Cell
60%
Super Trouper ABBA
59%
You Can Call Me Al Paul Simon
59%
Every Little Thing She Does Is Magic The Police
58%
The Power of Love Huey Lewis & The News
54%
We Built This City Starship
54%
Invisible Touch Genesis
53%
You Can't Hurry Love Phil Collins
53%
I Think We're Alone Now Tiffany
52%
Don't You (Forget About Me) Simple Minds
50%
Walk Of Life Dire Straits
49%
Little Lies Fleetwood Mac
49%
Jack & Diane John Mellencamp
49%
Dancing on The Ceiling Lionel Richie
48%
Heaven Is A Place On Earth Belinda Carlisle
47%
Need You Tonight INXS
47%
Got My Mind Set on You George Harrison
46%
Here I Go Again Whitesnake
45%
Walking On Sunshine Katrina & The Waves
43%
Edge of Seventeen Stevie Nicks
43%
Cold As Ice Foreigner
42%
It's Raining Men The Weather Girls
42%
The Safety Dance Men Without Hats
39%
The Boys Of Summer Don Henley
38%
Out of Touch Daryl Hall & John Oates
36%
Hammer to Fall Queen
36%
Bad Reputation Joan Jett & the Black Hearts
32%
You Spin Me Round (Like a Record) Dead or Alive
31%
Road to Nowhere Talking Heads
27%
Town Called Malice The Jam
27%
Give It Up KC & The Sunshine Band
24%
Hungry Eyes (From Dirty Dancing) Eric Carmen
21%
Break My Stride Mathew Wilder
16%
I Found Someone Cher
15%
Somewhere in My Heart Aztec Camera
10%
End Of The Line Traveling Wilburys
9%
No matching quizzes found
Score Distribution
Percent of People with Each Score
Percentile by Number Answered
Your Score History
You have not taken this quiz